BFDI Quotes! - Statistics

General Stats
  • This quiz has been taken 501 times
  • The average score is 40 of 75
Answer Stats
Hint Answer % Correct
"I don't have a favorite number, I really don't." 8-Ball
75%
"Aw, seriously?" David
75%
"Care to give me some air? No straw needed." Lollipop
74%
"Don't call me Needy!" Needle
74%
"Hey guys, for a prank..." Blocky
73%
"I'm a dictionary and you'd better believe it!" Book
73%
"Team Ice Cube all the way! Yay!" Bracelety
73%
"Yoylecake!" Bubble
73%
"I hate you!" Fanny
73%
"I NAILED it!" Naily
73%
"Sorry! My stapler instincts just took over!" Stapy
73%
"Now that THAT'S taken care of, we can finally start the battle for The Power of TwoooooOOOOO!" Two
72%
"Oh no (object), you lit my fuse!" Bomby
71%
"Digging! How novel. If I am to construct and produce islands for consumption, acquiring dirt in this jubilant manner seems most appropriate." (NOTE this is a translation, this character doesn't speak normally) Dora
70%
"I don't hEIGHT this crEIGHT's trEIGHTs. I rEIGHT it a strEIGHT EIGHT out of EIGHT." (mentally) Saw
70%
"I want revenge!" Ice Cube
69%
"Yeah, I know, she was so surprised!" Match
69%
"Bulleh!" Rocky
69%
"And (noun) is dead!" Bottle
68%
"Get digging, (noun), the ingredients are probably underground." Fries
68%
"See? I knew (nickname) and (nickname) had a crush on each other! (Nickname), (Nickname), sitting in a tree! K-I-S-S-I-N-G!" Coiny
67%
"Will you play Toss the Dirt with me?" Marker
67%
"So maybe I want to avoid being put back up for elimination! Maybe it is more important to me! Because I CAN'T GO BACK THERE! I can't...go back there." Pencil
67%
"Please please please, can I join the game, please please!?" Ruby
67%
"It's time for brake at flake!" Four
66%
"Yeah, who? I wanna know!" Puffball
66%
"When I like being something, it's because I got to decide it for myself, like my periwinkality, and my girlness." Gaty
65%
"I have a job? I was just collecting." Cloudy
64%
"...I like to skydive, and play ping-pong, and table tennis, and tightrope walk, and fly in balloons, and fly in planes, sail airplanes..." Spongy
64%
"This is the worst day of my life." Black Hole
63%
"Things have been hard. For every single one of us. But when I look at my teammates, I see hope. I see strength. I see ingenuity! (Name), there's no one quite like you! Donut
63%
"I'm (name)!" Grassy
63%
"I DO have power...but not enough." One
61%
"...Which is?" Eraser
60%
"Oh boy, are we getting more salt and vinegar?" Balloony
59%
"How can I trust you to do the challenge if you can't even fold paper correctly?" Foldy
58%
"Denied. Denied. After what you did to the other mechanical mind, I am too scared to be around you." TV
58%
"Don't you mean final six?" Profily
57%
"Aww, okay..." Tennis Ball
55%
"I'm not a cloud, I'm (name)!" Winner
55%
"Being angry is okay, (name). You have to let it out or it'll just fester inside of you, and you'll hurt people when you don't mean to." Liy
53%
"Enough killing! I would never advocate for that." Pillow
53%
"Our team has now prevented 0.00 deaths." Remote
53%
"LEAVE ME ALONE, YOU ALL JUST TOSS ME ASIDE AND I'M FED UP. I HELPED YOU BE FREE, (name), AND THIS IS HOW YOU PAY ME BACK? NO ONE CARES THAT I SAVED THE DAY, YOU GET TO ROAM FREE AND PLAY BFDI WHILE I GET TO SIT HERE LONGING-" (NOTE this is a translation, this character doesn't speak normally) Roboty
53%
"I am the new (name)!" Nickel
52%
"But, Just Not, I have to say: it was great being on a team NOT JUST in (name)'s shadow. It was fun to just play, for us! I wish you all luck-!" Cake
50%
"Well, why don't you grab him? With your ARMS?" Puffball Speaker Box
50%
"I'm sorry for doing that. But please, (name), take it from someone who knows. Don't steal something for petty reasons. Don't make the same mistake I did." Leafy
49%
"Very good, Newbie Alliance. But before one of you is eliminated, I would like to show (name) how a real host performs a theme song. Hit it." Announcer
48%
"Yeah. I could tell you really missed me. Uh-huh, yeah. This is just- this is just great. I feel so valued and- and I really feel missed- well, they can't hear me anymore cause I've been walking for a while, so I guess I'm just talking to myself!" Clock
46%
"A true winner does his research." Tree
46%
"So, to clarify..." Lightning
45%
"I'm...I'M GONNA KILL YOU!" Bell
44%
"Don't you mean cake at stake?" X
44%
"You're a loser...but you're my loser." Loser
43%
"So who's the host gonna be?" Gelatin
41%
"UuUEH! UuuHEheheHhE!" Yellow Face
41%
"Because I hate you! Oh, and I poisoned your cake, too." Flower Speaker Box
39%
"I DO care about the team, but I want us to WIN! Every season has led to my defeat, and this time I will NOT let anyone else decide my fate!" Golf Ball
39%
"WE NEARLY LOST EVERYTHING! REALITY ITSELF BECAUSE OF HER! AGH!" Pen
39%
"Even if I wasn't myself for a while, knowing you were by my side that whole time makes me feel appreciated. Which is all I've ever wanted." Robot Flower
39%
"No (name), the opposite. I should never have gone through with any of that. The best version of you is the one we have here." Basketball
37%
"Vote on all of them!" Firey Speaker Box
36%
"No one tells ME what to do!" Snowball
35%
"Y'know, if I took something old timey like this box home, it'd be worth a fortune!" Price Tag
33%
"HEAUUUAUUOOUEAHHHOO!" Woody
33%
"Wow, hopefully I can escape this box, someday." Purple Face
31%
"Welp..." Pie
27%
"Let's think about this!" Eggy
25%
"Sorry for physically harming you (name)!" Firey Jr.
25%
"How's it snowing?" Firey
23%
"Vote for me, and I will make improvements to the show of Battle for Dream Island!" Pin
23%
"You gotta stop defining your successes on how much others fail!" Taco
22%
"Don't worry! We're not gonna kill you or anything!" Barf Bag
21%
"How can you talk?! You were about to impale two whole teams!" Flower
21%
No matching quizzes found
Score Distribution
Percent of People with Each Score
Percentile by Number Answered
Your Score History
You have not taken this quiz